| 000 | 00802nam a2200205 u 4500 | ||
|---|---|---|---|
| 001 | 000002483 | ||
| 005 | 20200929150210.0 | ||
| 008 | 090702s1992 dr r 000 0 spa d | ||
| 040 |
_aDO-SdBNP _bspa _cBNPHU |
||
| 082 |
_a305.4 _bC957P |
||
| 245 | 0 | 0 |
_aPerfil de la mujer dominicana : _bayer y hoy / _crecopilación de la Asociación de Dominicana de Mujeres Votantes, Inc.-ADOMUV. |
| 260 |
_aSanto Domingo : _bUniversidad Autónoma de Santo Domingo : ADOMUVI, _c1992. |
||
| 300 |
_a118 ; _c21cm. |
||
| 490 | 0 |
_aEducación y sociedad no.37 _v704 |
|
| 500 | _aNo tiene número de inventario | ||
| 650 | 4 |
_aMujeres en la república dominicana _97826 |
|
| 651 | 4 |
_aRepública Dominicana _xEstadistica _97827 |
|
| 650 | 4 |
_aMujeres _xActividad politica _97828 |
|
| 830 | 0 |
_aEducación y sociedad no. 37 _n704 _97829 |
|
| 999 |
_c2319 _d2319 |
||